header

Towards a mathematical theory of complex biological systems (Record no. 219783)

MARC details
000 -LEADER
fixed length control field 01482nam a2200361 a 4500
082 04 - DEWEY DECIMAL CLASSIFICATION NUMBER
Classification number 570.15/118
100 1# - MAIN ENTRY--AUTHOR NAME
Personal name Bianca, Concetta.
245 10 - TITLE STATEMENT
Title Towards a mathematical theory of complex biological systems
260 ## - PUBLICATION, DISTRIBUTION, ETC. (IMPRINT)
Place of publication Hackensack, N.J. :
Name of publisher World Scientific,
Year of publication 2011.
300 ## - PHYSICAL DESCRIPTION
Number of Pages xvii, 208 p. :
Other physical details ill. (some col.).
490 1# - SERIES STATEMENT
Series statement Series in mathematical biology and medicine ;
650 #0 - SUBJECT ADDED ENTRY--TOPICAL TERM
Topical Term Biomathematics.
Topical Term Biological systems
700 1# - ADDED ENTRY--PERSONAL NAME
Personal name Bellomo, N.
856 40 - ELECTRONIC LOCATION AND ACCESS
Uniform Resource Identifier http://site.ebrary.com/lib/rucke/Doc?id=10479807

No items available.

© 2026 Rongo University
Contact us: librarian | system librarian | Rongo university